000 00478nam a2200181Ia 4500
001 18629
005 20260306171644.0
008 260306s9999||||xx |||||||||||||| ||und||
041 _aESP
082 _a658.4092
_bL15
100 _aLaFasto, Frank
_eAUT
245 0 _aWhen teams work best:
_b6,000 team members and leaders tell what it takes to succeed
260 _c2001
300 _a221 páginas :
_c25 cm.
650 _aGEN
654 _aCAN
942 _cLIB
_dJUS
_fJUS
_2ddc
_n
999 _c18629
_d18629